Top 10 Football Transfer Records - Statistics

General Stats
  • This quiz has been taken 91 times
    11 since last reset
  • The average score is 8 of 10
Answer Stats
Rank Name Joined Left Season Fee % Correct
2 Kylian Mbappé Paris Saint-Germain AS Monaco 18/19 €180.00m
100%
1 Neymar Paris Saint-Germain FC Barcelona 17/18 €222.00m
100%
4 Alexander Isak Liverpool FC Newcastle United 25/26 €145.00m
86%
6 João Félix Atlético de Madrid SL Benfica 19/20 €127.20m
86%
7 Jude Bellingham Real Madrid Borussia Dortmund 23/24 €127.00m
86%
3 Ousmane Dembélé FC Barcelona Borussia Dortmund 17/18 €148.00m
86%
5 Philippe Coutinho FC Barcelona Liverpool FC 17/18 €135.00m
86%
8 Florian Wirtz Liverpool FC Bayer 04 Leverkusen 25/26 €125.00m
71%
10 Eden Hazard Real Madrid Chelsea FC 19/20 €120.80m
57%
9 Enzo Fernández Chelsea FC SL Benfica 22/23 €121.00m
57%
No matching quizzes found
Score Distribution
Percent of People with Each Score
Percentile by Number Answered
Your Score History
You have not taken this quiz since the last reset